Durer (Record no. 5503)

MARC details
000 -CABECERA
campo de control de longitud fija 00690nam a2200253 a 4500
001 - NÚMERO DE CONTROL
campo de control BRCA_5814
005 - FECHA Y HORA DE LA ÚLTIMA TRANSACCIÓN
campo de control 20190320205226.0
008 - DATOS DE LONGITUD FIJA--INFORMACIÓN GENERAL
campo de control de longitud fija 100311s1950----fr-a######---#000-0#fre-#
041 ## - CÓDIGO DE LENGUA
Código de lengua del texto/banda sonora o título independiente fre
044 ## - CÓDIGO DEL PAÍS DE LA ENTIDAD EDITORA/PRODUCTORA
Código MARC del país fr
050 #4 - SIGNATURA TOPOGRÁFICA DE LA BIBLIOTECA DEL CONGRESO
Número de clasificación ND588.D8
Número de documento/Ítem .N64 1950
100 1# - ENTRADA PRINCIPAL--NOMBRE DE PERSONA
Nombre de persona Noel, Georges
9 (RLIN) 12125
245 10 - MENCIÓN DE TÍTULO
Título Durer
Mención de responsabilidad, etc. Georges Noel.
260 ## - PUBLICACIÓN, DISTRIBUCIÓN, ETC.
Lugar de publicación, distribución, etc. París
Nombre del editor, distribuidor, etc. Braun
Fecha de publicación, distribución, etc. 1950
300 ## - DESCRIPCIÓN FÍSICA
Extensión 1 v. (sin paginación)
Otras características físicas il., 60 láminas
Dimensiones 16 cm.
440 #0 - MENCIÓN DE SERIE/PUNTO DE ACCESO ADICIONAL--TÍTULO
Título Collection ´Les Maitress´
9 (RLIN) 9366
500 ## - NOTA GENERAL
Nota general G24
504 ## - NOTA DE BIBLIOGRAFÍA, ETC.
Nota de bibliografía, etc. Bibliografía: p. [61]
600 14 - PUNTO DE ACCESO ADICIONAL DE MATERIA--NOMBRE DE PERSONA
Nombre de persona Durero, Alberto
Fechas asociadas al nombre 1471-1528
9 (RLIN) 10301
650 14 - PUNTO DE ACCESO ADICIONAL DE MATERIA--TÉRMINO DE MATERIA
Término de materia o nombre geográfico como elemento de entrada Pintores alemanes
9 (RLIN) 797
650 14 - PUNTO DE ACCESO ADICIONAL DE MATERIA--TÉRMINO DE MATERIA
Término de materia o nombre geográfico como elemento de entrada Grabadores alemanes
9 (RLIN) 7216
902 ## - CATALOGADOR
Iniciales GFM
942 ## - ELEMENTOS DE PUNTO DE ACCESO ADICIONAL (KOHA)
Fuente del sistema de clasificación o colocación Library of Congress Classification
Tipo de ítem Koha Libros
Holdings
Estado de retiro Estado de pérdida Estado dañado No para préstamo Localización permanente Ubicación/localización actual Fecha de adquisición Número de inventario Total de préstamos Signatura topográfica completa Código de barras Fecha visto por última vez Precio válido a partir de Tipo de ítem Koha
El ejemplar forma parte de la colección y puede ser consultado según las políticas vigentes.       Biblioteca del Museo Franz Mayer (Rogerio Casas-Alatriste) Biblioteca del Museo Franz Mayer (Rogerio Casas-Alatriste) 10/03/2011 G24   ND588.D8 .N64 1950 (G24) 6253 22/03/2019 22/03/2019 Libros